Molting and metamorphosis
Wedi'i Gadw mewn:
| Fformat: | Llyfr |
|---|---|
| Iaith: | Undetermined |
| Cyhoeddwyd: |
Tokyo
Japan Scientific Societies Press
|
| Pynciau: | |
| Tagiau: |
Ychwanegu Tag
Dim Tagiau, Byddwch y cyntaf i dagio'r cofnod hwn!
|
| Thư viện lưu trữ: | Trung tâm Học liệu Trường Đại học Cần Thơ |
|---|
| LEADER | 00525nam a2200169Ia 4500 | ||
|---|---|---|---|
| 001 | CTU_127206 | ||
| 008 | 210402s9999 xx 000 0 und d | ||
| 082 | |a 595.7 | ||
| 082 | |b M729 | ||
| 245 | 0 | |a Molting and metamorphosis | |
| 245 | 0 | |c Edited by Eiji Ohnishi, Hironori Ishizaki | |
| 260 | |a Tokyo | ||
| 260 | |b Japan Scientific Societies Press | ||
| 650 | |a Fukuda, Soichi, 1907-1984,Insects,Ecdysis,Ecdysteroids | ||
| 650 | |x Metamorphosis | ||
| 904 | |i Hiếu | ||
| 980 | |a Trung tâm Học liệu Trường Đại học Cần Thơ | ||